000 00319nam a2200133Ia 4500
008 191201s2007 xx 000 0 und d
082 _a621.319
_bRAE
100 _aRay, Subir
245 0 _aElectrical Power Systems
260 _aN.Delhi
_bPrentice Hall
_c2007
300 _a646
650 _aB.Tech(IT)
942 _2ddc
_cBK
999 _c3265
_d3265